Insectes de la Serralada de Marina / text i fotografies: Fernando Carceller text i fotografies: Fernando Carceller
Descripción Física:
43 pàgines : il·lustracions ; 22 cm
MARC
| LEADER | 00000nam a2200000Ia 4500 | ||
|---|---|---|---|
| 001 | 24627 | ||
| 008 | 160829s9999 xx 000 0 cat d | ||
| 017 | |a DL B. 24552-2013 | ||
| 080 | |a FU-67-83 | ||
| 100 | |a Carceller, Fernando |9 49189 | ||
| 245 | |a Insectes de la Serralada de Marina / |b text i fotografies: Fernando Carceller | ||
| 260 | |a Barcelona : |b Diputació de Barcelona, Xarxa de Parcs Naturals, |c 2013 | ||
| 300 | |a 43 pàgines : |b il·lustracions ; |c 22 cm | ||
| 490 | |v Patrimoni cultural | ||
| 610 | 1 | 0 | |a Parc de la Serralada de Marina (Catalunya) |v Guies |9 52709 |
| 650 | |a Insectes |x Parc de la Serralada de Marina |x Guies |9 49190 | ||
| 710 | 1 | |9 7250 |a Barcelona (Catalunya : Província). |b Xarxa de Parcs Naturals | |
| 710 | 1 | |9 52730 |a Barcelona (Catalunya : Província). |b Gerència de Serveis d’Espais Naturals | |
| 901 | |a Arxiu | ||
| 942 | |n 1 |2 udc |c ARXIU | ||
| 952 | |0 0 |1 0 |4 0 |6 FU6783 |7 1 |9 55147 |a Arxiu |b Arxiu |d 2016-12-01 |l 0 |o FU-67-83 |p 24627 |r 2016-12-01 00:00:00 |w 2016-12-01 |y ARXIU | ||
| 999 | |c 59019 |d 59019 | ||